|
|
|
|
| LEADER |
00789nam a2200217 a 4500 |
| 008 |
091020s2000 ii a b 001 0 eng d |
| 028 |
|
|
|a 8170126940
|
| 040 |
|
|
|a HVL
|c HVL
|d BD-DhAAL
|
| 082 |
0 |
0 |
|a 346.54/07
|2 21
|
| 100 |
1 |
|
|a Singh, Avtar,
|d 1932-
|
| 245 |
0 |
0 |
|a Principles of mercantile law /
|c Avtar Singh.
|
| 250 |
|
|
|a 7th ed.
|
| 260 |
|
|
|a Lucknow :
|b Eastern book co.,
|c 2000.
|
| 300 |
|
|
|a clvi, 956 p. ;
|c 24 cm.
|
| 504 |
|
|
|a Includes bibliographical references and index.
|
| 541 |
1 |
|
|e 00012569
|
| 650 |
|
0 |
|a Commercial law
|z India.
|
| 852 |
4 |
|
|a Ayesha Abed Library
|j General shelf
|
| 942 |
0 |
0 |
|0 1
|
| 999 |
|
|
|c 7806
|d 7806
|
| 952 |
|
|
|0 0
|1 0
|2 ddc
|4 0
|6 346_540700000000000_SIN
|7 0
|9 8676
|a BRACUL
|b BRACUL
|c GEN
|d 2010-03-18
|g 488.00
|l 22
|m 134
|o 346.5407 SIN
|p 3010012569
|r 2025-06-25
|s 2025-02-18
|t 1
|w 2010-03-18
|y BK
|